Highest All-Time Goalscorers in the Copa Libertadores - Statistics

General Stats
  • This quiz has been taken 76 times
  • The average score is 5 of 18
Answer Stats
# Goals Apps. Years Main Team(s) Answer % Correct
14 26 80 2002-'04, 2006, 2016, 2018-'21 Boca Juniors, Corinthians Carlos Tévez
80%
18 25 73 2000-'02, 2007-'09, 2012-'13 Boca Juniors Juan Román Riquelme
73%
8 29 51 2018- Flamengo, Santos FC Gabriel Barbosa
63%
17 25 43 2011-'13, 2017-'20, 2022 Fluminense, Atlético Mineiro Fred
45%
1 53 88 1960-'63, 1966-'72 Peñarol, Barcelona Alberto Spencer
41%
6 30 93 2011-'16, 2018-'20, 2022 River Plate, Vélez Sarsfield Lucas Pratto
37%
2 38 89 1962-'63, 1965-'70, 1972, 1974, 1979 Peñarol, São Paulo FC Pedro Rocha
25%
3 37 77 1973-'79, 1982-'83, 1986 Peñarol Fernando Morena
23%
7 29 42 1998-'00, 2002, 2005 Corinthians, Vasco da Gama Luizão
15%
12 28 54 1988, 1992, 1994-'95, 1997, 2002 Universidad Católica, San Lorenzo Alberto Acosta
8%
10 29 94 1983-'88, 1991-'93, 1996, 1998 América de Cali, Barcelona Antony de Ávila
8%
11 28 41 1966, 1968, 1970-'72, 1974 Nacional, Independiente Luis Artime
8%
4 31 47 1966-'67, 1970, 1973 River Plate Daniel Onega
7%
16 25 34 1983-'86, 1992 Club Blooming, Jorge Wilstermann Juan Sánchez
7%
15 25 31 1975-'77, 1981 Cruzeiro, Corinthians Palhinha
7%
5 30 76 1966-'72, 1979-'81 Nacional Julio Morales
4%
13 27 52 1967, 1971-'72, 1975, 1978, 1980-'81 Universitario de Deportes, Sporting Cristal Oswaldo Ramírez
4%
9 29 63 1966-'69, 1972, 1976 Universidad Católica, River Plate Juan Carlos Sarnari
1%
No matching quizzes found
Score Distribution
Percent of People with Each Score
Percentile by Number Answered
Your Score History
You have not taken this quiz